| 000 | 00912nam a2200229Ia 4500 | ||
|---|---|---|---|
| 001 | 4195 | ||
| 003 | GE_BSU | ||
| 008 | 181216s||||||||xx |||||||||||||| ||und|| | ||
| 020 | _a5724500493 | ||
| 040 | _cGE_BSU | ||
| 080 | _a66.026 | ||
| 100 | _aА. Е. Фолиянц, Н. В. Мартынов, В. Б. Серебряный. | ||
| 245 | _aЭксплуатация и ремонт технологических трубопроводов под давлением до 10,0 МПа (100 кгс/см2). | ||
| 245 | _bНормат.-производ. изд. | ||
| 245 | _cПод ред. А. Е. Фолиянца.. | ||
| 260 | _aМосква | ||
| 260 | _bХИМИЯ | ||
| 260 | _c1988 | ||
| 300 | _a288 с. 21 см. | ||
| 653 | _aЭксплуатация и ремонт технологических трубопроводов под давлением до 10,0 МПа (100 кгс/см2). | ||
| 942 | _cBK | ||
| 999 |
_c38205 _d38205 |
||